LEADER 03453nam 2200661Ia 450 001 9910462547303321 005 20200520144314.0 010 $a1-59332-647-5 035 $a(CKB)2670000000271326 035 $a(EBL)1057824 035 $a(OCoLC)818819099 035 $a(SSID)ssj0000757733 035 $a(PQKBManifestationID)12276792 035 $a(PQKBTitleCode)TC0000757733 035 $a(PQKBWorkID)10759110 035 $a(PQKB)11788141 035 $a(MiAaPQ)EBC1057824 035 $a(Au-PeEL)EBL1057824 035 $a(CaPaEBR)ebr10622771 035 $a(EXLCZ)992670000000271326 100 $a20100409d2010 uy 0 101 0 $aeng 135 $aur|n|---||||| 181 $ctxt 182 $cc 183 $acr 200 10$aCreating Black Caribbean ethnic identity$b[electronic resource] /$fYndia S. Lorick-Wilmot 210 $aEl Paso [Tex.] $cLFB Scholarly Pub.$d2010 215 $a1 online resource (180 p.) 225 1 $aThe new Americans 300 $aDescription based upon print version of record. 311 $a1-59332-408-1 320 $aIncludes bibliographical references and index. 327 $aCONTENTS; Acknowledgments; CHAPTER 1; Introduction; CHAPTER 2; From Grassroots Movement to Rise of an Organization; CHAPTER 3; Legacies of race and Immigrant-based Policies and the Expansion of The Caribbean Service Center; CHAPTER 4; Homecoming: Celebrating Caribbean Ethnic Identity; CHAPTER 5; Problems and Possibilities; CHAPTER 6; Final Word; APPENDIX A; Description of Positions and Demographic Information, New York; APPENDIX B; Listing of Participants; APPENDIX C; Methodology and Description of Instrument; APPENDIX D; Detailed Description of Programming and Services; REFERENCES; INDEX 330 $aLorick-Wilmot explores the complexities of Black Caribbean ethnic identity by examining the role a community-based organization plays in creating ethnic options for its first-generation Black Caribbean immigrant clients. Her case study particularly focuses on a Caribbean-identified organization's history, culture and climate, and the kinds of resources staff and community leaders provide that, ultimately, supports the maintenance of Caribbean ethnicity and Black ethnic identities and slows the rate of acculturation. Her case study points to the ways ethnic identity formations feed into the 410 0$aNew Americans (LFB Scholarly Publishing LLC) 606 $aCaribbean Americans$xSocial conditions 606 $aCaribbean Americans$xEthnic identity 606 $aCaribbean Americans$xServices for 606 $aCaribbean Americans$zNew York (State)$zNew York$xSocial conditions 606 $aCaribbean Americans$zNew York (State)$zNew York$xEthnic identity 606 $aCaribbean Americans$xServices for$zNew York (State)$zNew York 608 $aElectronic books. 615 0$aCaribbean Americans$xSocial conditions. 615 0$aCaribbean Americans$xEthnic identity. 615 0$aCaribbean Americans$xServices for. 615 0$aCaribbean Americans$xSocial conditions. 615 0$aCaribbean Americans$xEthnic identity. 615 0$aCaribbean Americans$xServices for 676 $a305.896/0729 700 $aLorick-Wilmot$b Yndia S.$f1977-$0931349 801 0$bMiAaPQ 801 1$bMiAaPQ 801 2$bMiAaPQ 906 $aBOOK 912 $a9910462547303321 996 $aCreating Black Caribbean ethnic identity$92095112 997 $aUNINA LEADER 01752nas 2200445 c 450 001 9910896494303321 005 20260218111157.0 024 7 $aurn:nbn:de:bsz:boa-zdb2460640-61 035 $a(DE-599)ZDB2460640-6 035 $a(OCoLC)1368462423 035 $a(DE-101)990972046 035 $a(CKB)4910000000549896 035 $a(DE-599)2460640-6 035 $a(EXLCZ)994910000000549896 100 $a20081027b20062009 |y | 101 0 $ager 135 $aur||||||||||| 181 $ctxt$2rdacontent 182 $cc$2rdamedia 183 $acr$2rdacarrier 200 00$aAnalytische Untersuchung von Bauschuttrecyclingmaterial in Baden-Wu?rttemberg$fLandesanstalt fu?r Umwelt, Messungen und Naturschutz Baden-Wu?rttemberg, LUBW ; Baden-Wu?rttemberg. Bearb. LUBW, Landesanstalt fu?r Umwelt, Messungen und Naturschutz Baden-Wu?rttemberg, Referat 35, Abfallwirtschaft 210 31$aKarlsruhe$cLUBW$d2006-2009 215 $aOnline-Ressource 300 $aGesehen am 11.03.2019 606 $aBauschutt$3(DE-588)4125111-8$3https://d-nb.info/gnd/4125111-8$3(DE-101)041251113$9rswk-swf$2gnd 606 $aRecycling$3(DE-588)4076573-8$3https://d-nb.info/gnd/4076573-8$3(DE-101)040765733$9rswk-swf$2gnd 607 $aBaden-Württemberg$9rswk-swf$2gnd 608 $aZeitschrift$2gnd-content 608 $aOnline-Publikation$9rswk-swf$2gnd 615 7$aBauschutt. 615 7$aRecycling. 676 $a310 712 02$aLandesanstalt fu?r Umwelt, Messungen und Naturschutz Baden-Wu?rttemberg$4isb 801 0$b0031 801 1$bDE-101 801 2$b9999 906 $aJOURNAL 912 $a9910896494303321 996 $aAnalytische Untersuchung von Bauschuttrecyclingmaterial in Baden-Württemberg$94226751 997 $aUNINA